000 00226nam a2200097Ia 4500
008 240331s9999 xx 000 0 und d
082 _bSIN
100 _asahabhagithwaya. rd
245 0 _aSinhala and Tamil Dictionary
942 _cL
999 _c5776
_d5776